000
00266nam a2200097Ia 4500
001
760065
005
20250826165141.0
008
250824s9999 xx 000 0 und d
245
0
_a
DÜŞÜNCE SİZSİNİZ
_c
Yazar Adı Belirtilmemiş
260
_b
UĞUR BÖCEĞİ YAYINLARI
999
_c
760065
_d
760065